Fairy Tail tous les Personnages - Statistiques

Statistiques générales
  • Ce quiz a été pris 117 fois
    18 depuis la dernière actualisation
  • Le résultat moyen est 172 sur 423
Statistiques - réponses
Affiliation Réponse % Correct
Fairy Tail / Cait Shelter Carla
100%
Blue Pegasus Eave Tilm / Eve
100%
Fairy Tail Elfman Strauss
100%
Fairy Tail Erza Scarlett
100%
Fairy Tail / Blue Pegasus Ever Green / Evergreen
100%
Fairy Tail / Phantom Lord Gajil Redfox / Gajeel
100%
Fairy Tail / Avatar Grey Fullbuster / Gray
100%
Fairy Tail Happy
100%
Tour du Paradis / Crime Sorcière Jellal Fernandez / Gerald (Jycrain)
100%
Fairy Tail / Phantom Lord Jubia Lokser / Juvia
100%
Fairy Tail Lisana Strauss / Lisanna
100%
Fairy Tail Lucy Heartfilia
100%
Fairy Tail Mirajane Strauss
100%
Fairy Tail Natsu Dragnir
100%
Fairy Tail / Edolas Panther Lily
100%
Fairy Tail / Cait Shelter Wendy Marvel
100%
Fairy Tail / Blue Pegasus Bixrow / Bickslow
93%
Lamia Scale Cherry Brendy / Sherry
93%
Fairy Tail / Blue Pegasus Fried Justin
93%
Fairy Tail Kanna Alperona / Cana
93%
Clé d'Or du Zodiaque / Fairy Tail Léo (Loki / Loke)
93%
Lamia Scale Leon Bastia / Lyon (Empereur Zéro)
93%
Fairy Tail / Blue Pegasus Luxus Draer / Laxus
93%
Fairy Tail Macao Combolto
93%
Fairy Tail / Red Lizard Mavis Vermillion
93%
Maître de Grey Oul Milkovich / Ur
93%
Grimoire Heart / Crime Sorcière Ultia Milkovich / Ultear (Zalty)
93%
Fairy Tail Wakaba Mine
93%
Fairy Tail Biska Connel / Bisca
87%
Fairy Tail Gildarts Clive
87%
Grimoire Heart / Fairy Tail Hades (Precht Gaebolg)
87%
Blue Pegasus Ichiya Vandalei Kotobuki
87%
Fairy Tail Jett / Jet
87%
Lamia Scale Jura Nekis / Jera
87%
Oracion Seis / Crime Sorcière Macbeth (Midnight / Brain II)
87%
Fairy Tail / Chevaliers des Runes Mest Glider (Dranbalt)
87%
Fairy Tail Reby MacGarden / Levy
87%
Saber Tooth Rog Chenny / Rogue
87%
Fairy Tail Roméo Combolto
87%
Tour du Paradis Simon Mikazuchi
87%
Saber Tooth Sting Youclif
87%
Mage Noir Zeleph Dragnir / Zeref(Empereur Spriggan)
87%
Clé d'Or du Zodiaque Aquarius
80%
Fairy Tail Arzak Connel / Alzack
80%
Clé d'Or du Zodiaque Cancer
80%
Clé d'Or du Zodiaque Caprico / Capricorn
80%
Lamia Scale Cherrya Brendy / Sherria
80%
Oracion Seis / Crime Sorcière Erick (Cobra)
80%
Clé d'Or du Zodiaque Gémini (Gemi et Mini)
80%
Dragon de Feu Ignir / Igneel
80%
Phantom Lord José Pora
80%
Edolas Koko / Coco
80%
Fairy Tail Max Alose
80%
Grimoire Heart / Crime Sorcière Meldy / Meredy
80%
Tour du Paradis / Mermaid Heel Miliana / Millianna
80%
Saber Tooth / Succubus Eye / Tartaros Minerva Orlando
80%
Exceeds / Blue Pegasus Nichiya
80%
Tartaros Silver Fullbuster
80%
Oracion Seis / Crime Sorcière Sorano Agria (Angel)
80%
Clé d'Or du Zodiaque Taurus
80%
Quattro Cerberus Bacchus Glow
73%
Blue Pegasus Bob
73%
Oracion Seis Brain
73%
Fairy Tail Droy
73%
Dragon Céleste Grandiné / Grandeeney
73%
Fairy Nail Gren
73%
Blue Pegasus Hibiki Leithis
73%
Raven Tail Ivan Draer / Iwan (Alexei)
73%
Princesse de Fiore Jade E. Fiore / Hisui E. Fiore
73%
Mermaid Heel Kagura Mikazuchi
73%
Love & Lucky Layla Heartfilia
73%
Saber Tooth Lecter / Lector
73%
Clé d'Or du Zodiaque Libra
73%
Fairy Tail Makarof Draer / Makarov
73%
Dragon d'Acier Metalicana
73%
Edolas / Fairy Tail Mistgun / Mystogan
73%
Oracion Seis / Crime Sorcière Richard Buchanan (Hot-eye)
73%
Clé d'Or du Zodiaque Sagittarius
73%
Oracion Seis / Crime Sorcière Sawyer (Racer)
73%
Clé d'Or du Zodiaque Scorpio
73%
Phantom Lord Totomaru
73%
Saber Tooth Yukino Agria
73%
Grimoire Heart Zoldio / Zoldeo
73%
Roi des Dragons Acnologia
67%
Fairy Tail Asuka Connel / Aska
67%
Dragon des Flammes Atlas Flame
67%
Grimoire Heart / Orochi's Fin Bluenote Stinger
67%
Démon du Chaos Déliora
67%
Spriggan Twelve Eileen Belserion / Irene
67%
Eisen Wald / Nouvelle Oracion Seis Eligoal / Erigor (Grim Reaper)
67%
Saber Tooth Frosh / Frosch
67%
Blue Pegasus Jenny Rearlight
67%
Fairy Tail Kinana (Cubelios)
67%
Fairy Tail d'Edolas Lucy Ashley [Edolas]
67%
Fairy Tail Nab Lasaro
67%
Fairy Tail (Pharmagicienne) Polyussica / Porlyusica
67%
Blue Pegasus Ren Akatsuki
67%
Tour du Paradis Shaw / Shô
67%
Phantom Lord Sol
67%
Clé d'Or du Zodiaque Virgo
67%
Fairy Tail Warren Rackow / Volen
67%
Tour du Paradis Wolly Buchanan / Wally
67%
Conseil Magique Yûri
67%
Fairy Tail Yûri Draer
67%
Grimoire Heart Zankuro / Zancrow
67%
Oracion Seis Zero
67%
Phantom Lord Alya / Aria
60%
Clé d'Or du Zodiaque Aries
60%
Grimoire Heart Azuma
60%
Spriggan Twelve Brandish Myuh
60%
Edolas Erza Knightwalker [Edolas]
60%
Edolas Faust
60%
Raven Tail Flare Corona / Frea
60%
Spriggan Twelve /Quatre Rois Célestes d'Ishgar God Serena
60%
Fairy Tail Lucky Olietta / Laki
60%
Exceeds Mâr / Marl
60%
Famille Lobster Michelle Lobster
60%
Fairy Tail d'Edolas Natsu Draguion [Edolas]
60%
Clé d'Argent Nikola (Plue)
60%
Conseil Magique Org / Ork
60%
Clé d'Or du Zodiaque Pisces
60%
Tour du Paradis / Fairy Tail Rob
60%
Esprit Céleste Roi des Esprits
60%
Saber Tooth Rufus Roy
60%
Lamia Scale Toby Ololta
60%
Lamia Scale Yûka Suzuki
60%
Red Lizard Zera
60%
Ancêtre des Heartfilia Anna Heartfilia
53%
Spriggan Twelve August
53%
Créatrice de Faux Dragons Daphné
53%
Spriggan Twelve Dimaria Iesta
53%
Fairy Tail d'Edolas Grey Soluge [Edolas]
53%
Dragon Divin de Feu Ignia Enjin
53%
Saber Tooth / Tartaros Jienma Orlando / Jiemma
53%
Fairy Tail d'Edolas Jubia [Edolas]
53%
Love & Lucky Jude Heartfilia
53%
Blue Pegasus Karen Lilica
53%
Exceeds Lucky
53%
Personne Venue du Futur Lucy du Futur
53%
Démon du Livre du Mage Noir Lullaby
53%
Fairy Tail d'Edolas Mirajane [Edolas]
53%
Saber Tooth Orga Nanagia
53%
Fairy Tail Readers Johnner / Reedus
53%
Fairy Tail Rita Draer
53%
Personne Venue du Futur Rog du Futur
53%
Grimoire Heart Rustyrose
53%
Tartaros Seila / Seilah
53%
Roi de Fiore Toma E. Fiore
53%
Fairy Tail Visitor Echo / Vegeta / Vijeeter
53%
Spriggan Twelve Wahl Icht / Wall
53%
Quatre Rois Célestes d'Ishgar / Fairy Tail Warrod Sequen / Worlod Seaken
53%
Célèbre Romancier Zekua Melon (Kemu Zaleon)
53%
Spriggan Twelve Ajil Lamur / Ajeel
47%
Exceeds Chagot / Shagotte
47%
Fairy Tail d'Edolas Droy [Edolas]
47%
Fairy Tail d'Edolas Elfman [Edolas]
47%
Journaliste d'Edolas Gajil [Edolas]
47%
Quattro Cerberus (Quattro Cerberos) Golmine / Goldmine
47%
Fairy Tail d'Edolas Jett [Edolas]
47%
Eisen Wald Kageyama
47%
Tartaros Kyôka
47%
Chevaliers des Runes Lahar / Rahal
47%
Exceeds Nady / Nadi
47%
Lamia Scale Ohba Baba / Ooba Babasaama
47%
Assassins des Skulls Owl / Fukuro
47%
Clé d'Argent Pyxis
47%
Fairy Tail d'Edolas Reby [Edolas]
47%
Edolas Sugar Boy / Sugarboy
47%
Exceed d'Elenthia Touka
47%
Fairy Tail d'Edolas Wendy [Edolas]
47%
Mermaid Heel Alanya Web / Araña
40%
Dragon Divin du Bois Aldron Mokushin / Aldoron
40%
Mermaid Heel Beth Vanderhood
40%
Titan Nose Bora de Prominens
40%
Mage Blanc d'Elenthia Faris
40%
Clé d'Argent Horologium
40%
Assassins des Skulls Ikaruga
40%
Spriggan Twelve Inbel Yura / Invel
40%
Spriggan Twelve Jacob Lessio
40%
Journaliste du Sorcerer Magazine Jason
40%
Fairy Nail Jubina / Juvina
40%
Grimoire Heart Kain Hikaru
40%
Avatar Mary
40%
Conseil Magique Michelo / Michello
40%
Raven Tail Nalpuding / Nullpudding
40%
Eisen Wald Rayure / Rayule
40%
Mermaid Heel Risley Law
40%
Unité des Légions Samuel
40%
Quattro Cerberus Semus / Semmes
40%
Dragon Divin de la Lune Serenne Gesshin / Selene
40%
Conseil Magique Shitou Yajima
40%
Dragon de l'Ombre Skiadrum / Skiadram
40%
Quattro Cerberus Warcry
40%
Quatre Rois Célestes d'Ishgar Wolfheim
40%
Dragon de Jade Zilkonis / Jilkonis
40%
Avatar Abel
33%
Mont Yakobe Balkan / Vulcan
33%
Edolas Bayro / Byro
33%
Mage Participant à la Guerre Contre Arbaless Bill
33%
Eisen Wald Billard / Byard
33%
Spriggan Twelve Bloodman
33%
Île de Galuna Bobo
33%
Clé d'Argent Caelum
33%
Famille Alperona Cornélia Alperona
33%
Clé d'Argent Crux / Kross
33%
Saber Tooth Dobengal
33%
Comte Ebar / Everlue
33%
Résidence Heartfilia Ed / Aed
33%
Magia Dragon Elefseria
33%
Tartaros E.N.D.
33%
Tartaros Ezel / Ezer
33%
Tartaros Franmalth / Franmars
33%
Naked Mummy Gatow / Gatô
33%
Nouvelle Oracion Seis Imitatia
33%
Tartaros Jackal
33%
Quattro Cerberus Jäger
33%
Fairy Tail d'Edolas Kanna [Edolas]
33%
Fairy Tail (Ancien Membre) Krof / Krov
33%
Raven Tail Kurohebi
33%
Tartaros Lamy
33%
Fairy Tail d'Edolas Lisana [Edolas]
33%
Clé d'Argent Lyra
33%
Tartaros Mard Geer / Mald Gheel
33%
Dragon Divin de l'Eau Merkphobia Suijin / Mercphobia
33%
Dragon de Diamant Mother Grea / Motherglare
33%
Fairy Tail d'Edolas Nab [Edolas]
33%
Raven Tail Ohbra / Obra
33%
Quattro Cerberus Rocker
33%
Tartaros Tempester
33%
Twilight Ogre Thibo / Thibault
33%
Fairy Tail d'Edolas Wakaba [Edolas]
33%
Dragon Blanc Weisslogia / Baislogia
33%
Naked Mummy Zatow / Zatô
33%
Red Lizard Zeeself / Jiself
33%
Chevaliers Sacrés des Cerisiers Arcadios
27%
Fairy Tail d'Edolas Arzak [Edolas]
27%
Twilight Ogre Banaboster
27%
Conseil Magique Belno
27%
Fairy Tail d'Edolas Biska [Edolas]
27%
Avatar Briar / Braiya
27%
Commentateurs du Grand Tournoi de la Magie Chapati Lola
27%
Dieu du Temps Chronos
27%
Unité des Légions Dan Straight
27%
Ministre de la Défense Datong / Derton
27%
Quatre Rois Célestes d'Ishgar Draculos Hyberion
27%
Gang de Méchants Gang des Fesses Dodues
27%
Blue Skull / Phantom Lord Geoffrey
27%
Edolas Hughes
27%
Diabolos Kiria
27%
Oracion Seis Klodoa / Kurodoa (Jackpot)
27%
Cait Shelter Lowbawl / Roubaul
27%
Fairy Tail d'Edolas Macao [Edolas]
27%
Unité des Légions Mary Hughes [Earthland]
27%
Arbitre du Grand Tournoi de la Magie Mato
27%
Fairy Nail Nakku
27%
Quattro Cerberus Nobarly / Novali
27%
Clé Noire Ophiuchus
27%
Spriggan Twelve Rahkeid Dragnir / Larcade
27%
Fairy Tail d'Edolas Readers [Edolas]
27%
Diabolos / Fairy Tail Reis / Wraith
27%
Dragon Violet Scissor Runner
27%
Sylph Labyrinth Sniper
27%
Unité des Légions Sugar Boy [Earthland]
27%
Diabolos Suzaku
27%
Ministre d'Arbaless Yajil / Yajeel
27%
Avatar Alok / Arlock
20%
Dragon de la Sagesse Belserion
20%
Dragon Divin de l’Or Bielness Kinjin / Viernes
20%
Unité des Légions Byro Cracy [Earthland]
20%
Fairy Tail (Ancien Membre) Chica C.Hermit / Chico
20%
Troupe des Loups Affamés Cosmos
20%
Conseil Magique Crowford Sheem / Crawford
20%
Clé d'Argent Deneb
20%
Succubus Eye Doriate / Drierte
20%
Fairy Nail Gajel / Gazeel
20%
Unité des Légions Gatman Kubrick / Guttman
20%
Diabolos Georg Risen
20%
Avatar Gômon
20%
Domestique des Heartfilia Grammy / Grammi
20%
Conseil Magique Gran Doma
20%
Sylph Labyrinth Hammer
20%
Avatar Jerome
20%
Fils du Célèbre Romancier Kaby Melon
20%
Troupe des Loups Affamés Kama
20%
Troupe des Loups Affamés Kamika
20%
Arbaless Karim / Kareem
20%
Grimoire Heart Kawazu
20%
Tartaros Keith / Keyes
20%
Unité des Légions Koko [Earthland]
20%
Église de Zentopia Lapointe
20%
Arbaless Marin Hollow
20%
Fairy Tail d'Edolas Max [Edolas]
20%
Godseed Metro
20%
Fairy Tail (Ancien Membre) Micky Chickentiger
20%
Famille Fullbuster Mika Fullbuster
20%
Fairy Tail (Ancien Membre) Mikuni Shin
20%
Sosie de Mavis Mio
20%
Fairy Tail d'Edolas Nasha
20%
Fairy Tail (Ancien Membre) Nigee / Niggy
20%
Spriggan Twelve Ninehart / Neinhart
20%
Personne Venue du Futur Reby du Futur
20%
Sylph Labyrinth Sword
20%
Fairy Tail (Ancien Membre) Tono Rabbits
20%
Tartaros Torafuzar / Trafzer
20%
Loups du Sud Vanish Brothers
20%
Assassins des Skulls Vidaldus Taka
20%
Fairy Tail d'Edolas Warren [Edolas]
20%
Tartaros Yakudriga / Yakdoriga
20%
Belles Déesses sous la Lune Yôko
20%
Grimoire Heart Yomazu
20%
Godseed Aldron Godseed / Aldoron Godseed
13%
Sosie de Zeleph Alios / Arius
13%
Église de Zentopia Archevêque
13%
Arbaless Bakr / Bakel
13%
Comte Balsamico
13%
Phantom Lord Bozo / Boze
13%
Avatar D-6
13%
Godseed Doom
13%
Sylph Labyrinth Drake
13%
Fairy Tail (Ancien Membre) Enno Combolto
13%
Fairy Nail Erkis / Elkis
13%
Saber Tooth Fingers
13%
Gang de Méchantes Gang des Poitrines Dodues
13%
Godseed Gears
13%
Twilight Ogre Ginger Mattan
13%
Fairy Tail d'Edolas Greju
13%
Belles Déesses sous la Lune Hakune
13%
Arbaless Heine Lunasea
13%
Sylph Labyrinth Hiroshi
13%
Conseil Magique Hog
13%
Dieu Combattant de Yakuma Ikusatsunagi
13%
Fairy Tail (Ancien Membre) Joy Fullbone / Joey
13%
Arbaless Juliet Sun
13%
Fairy Nail Kara / Cara
13%
Eisen Wald Karakka / Karacka
13%
Ermina Karamiila / Karameel
13%
Église de Zentopia Katja
13%
Île de Galuna Lulu
13%
Fairy Nail Lusha
13%
Diabolos Madmall / Madmole
13%
Habitante de Magnolia Mako
13%
Petite-fille d'un Membre du Conseil Michelia
13%
Belles Déesses sous la Lune Mimi
13%
Île de Galuna Moka
13%
Gardien de la Prison du Conseil Nadar / Nadal
13%
Diabolos Nebaru
13%
Troupe des Loups Affamés Nepper / Neppa
13%
Clé d'Argent Nico
13%
Succubus Eye Oiseau Cyclope / Mono Eye
13%
Résidence Heartfilia Perot / Bero
13%
Théâtre de Schérazade Rabian
13%
Sylph Labyrinth Rala / Lala
13%
Conseil Magique Reiji / Leiji
13%
Fairy Nail Risaala / Lisala
13%
Dragon Bleu Rivaia / Levia
13%
Troupe des Loups Affamés Sardean / Uosuke
13%
Diabolos Skullion Raider
13%
Résidence Heartfilia Spet / Spetto
13%
Phantom Lord Sue
13%
Ancien Criminel Velveno
13%
Fairy Tail (Ancien Membre) Wan Chan-Ji
13%
Fairy Nail Wendil / Wendelle
13%
Godseed Wolfen
13%
Fille du Comte Aceto
7%
Chevaliers Sacrés des Cerisiers Aegis / Eizi
7%
Elenthia Alta Face
7%
Dragon Sombre Anchor
7%
Île de Galuna Angelica
7%
Fairy Tail d'Edolas Asuka [Edolas]
7%
Chevaliers Sacrés des Cerisiers Bandou / Pandô
7%
Fairy Nail Bappy
7%
Exceeds Bellétocat / Belletokia
7%
Dwarf Gear Berick / Berrick
7%
Fairy Nail Biby
7%
Fairy Nail Carlotti / Charlotte
7%
Exceeds Clap
7%
Volwatt De Cybele
7%
Eisen Wald Diseur de Bonne Fortune / Fortune Teller
7%
Dragon de Pierre Earth Build
7%
Fairy Nail Elbiman / Elbman
7%
Église de Zentopia Fabrizio
7%
Volwatt Ga Maille
7%
Eisen Wald Gobelin / Snarl
7%
Exceeds Gogotora
7%
Elenthia Grande Prêtresse Blanche
7%
Société d'Archéologie Jean-Luc Neville
7%
Eisen Wald Jumeaux / Twins
7%
Unité des Légions Kanaloa
7%
Ermina Kashima
7%
Dieu des Plantes Kemokemo
7%
Dullahan Head Kriserk / Chrisack
7%
Dragon de l'Épée Sacrée Kurunugi / Kurnugi
7%
Edolas Legyonet
7%
Fairy Nail Luxris / Laxlis
7%
Exceeds Martum / Martam
7%
Famille Dragnir M. Dragnir
7%
Exceeds Mezyl / Mejeer
7%
Habitante de Magnolia Miko
7%
Femme d'un Membre de Fairy Tail Millgana Mine
7%
Fairy Nail Minajane
7%
Famille Dragnir Mme Dragnir
7%
Exceeds Monmo
7%
Exceeds Mugant / Muganto
7%
Exceeds Mysderoy / Mysdroy
7%
Orochi's Fin Orochi Head
7%
Clé d'Argent Polaris
7%
Eisen Wald Poulet / Chicken
7%
Propriétaire de l'Appartement de Lucy Propriétaire
7%
Proton Dragon Proton Acnologia
7%
Résidence Heartfilia Ribon / Ribbon
7%
Fairy Nail Rizy / Lijy
7%
MИP du Conseil Magique de Guiltina Robert
7%
Fairy Nail Rokki / Rocky
7%
Royaume de Dragonof Rung
7%
Subordonné Humain Samagui
7%
Ermina Sameko / Sharkette
7%
Ermina Samemi / Sharkina
7%
Subordonné Humain San Jiao Shin
7%
Exceeds Sarval / Salberay
7%
Assistant du Conseil Magique Serena
7%
Souris du Moulin Rouge Sunny
7%
Église de Zentopia Will Neville
7%
Exceeds Cloupsy / Kurubushi
0%
Aucun quiz correspondant
Distribution des résultats
% des personnes avec chaque résultat
Percentile par nombre de réponses
Votre historique - résultats
Vous n’avez pas pris ce quiz depuis la dernière actualisation